00697nam a2200181 a 450000500170000000800410001702000180005805000250007610000150010124501060011626000390022230000170026144000420027865000360032065000360035699900190039295201040041120140412111236.0001120s19uu xx 00 eng d a1-85270-014-9 aTR(GS 372.4bS3 1987 aSalt, Jane aStarting to read and write 1 :breading and writing activities to share with your child /cJane Salt. a[s.l.] :bOctopus Pub. Grp,c1987. a31 p. ; col. aThe Parent and Child Program, Grade 1 aReading -- Parent participation aWriting -- Parent participation c102439d102439 001040aELbELcTRd2000-11-20l0oTR(GS 372.4 S3 1987pE1749r2014-04-12 00:00:00w2014-04-12yBK